000 00740nam a22002057a 4500
003 OSt
005 20221103185714.0
008 150522b xxu||||| |||| 00| 0 eng d
020 _a980-272-129-8
040 _cBiblioteca Lado V
082 _a708
_bP197e
100 _9308
_aPantin, Graciela
_ecuradora
245 _aEntre Tropicos/
_bArtistas Contemporáneos de los países miembros del Grupo de Rio/
260 _aCaracas
_c1992
_bConsejo Nacional de la Cultura
300 _a119p.
_c23x29cm
650 _2Tesauro de Arte & Arquitectura
_aARTE CONTEMPORANEO
650 _2Tesauro de Arte & Arquitectura
_aARTE
650 _2Tesauro de Arte & Arquitectura
_aARTISTAS CONTEMPORANEOS
942 _2ddc
_c1
_h708
_iP197e
_n0
999 _c2499
_d2499